Autour des états américains - Population et superficie - Statistiques

Statistiques générales
  • Ce quiz a été pris 46 fois
  • Le résultat moyen est 50 sur 60
Statistiques - réponses
Hint Réponse % Correct
Les 10 états les plus peuplés New York 4
100%
Les 10 états à la population la plus dense New York 7
100%
Les 10 états les plus peuplés Texas 2
100%
Les 10 états à la surface la plus grande Texas 2
100%
Les 10 états les plus peuplés Californie 1
98%
Les 10 états à la surface la plus grande Californie 3
98%
Les 10 états les plus peuplés Floride 3
98%
Les 10 états à la population la plus dense Floride 8
98%
Les 10 états les moins peuplés Alaska 8
93%
Les 10 états à la population la moins dense Alaska 1
93%
Les 10 états à la surface la plus grande Alaska 1
93%
Les 10 états les moins peuplés Dakota du Nord 7
90%
Les 10 états à la population la moins dense Dakota du Nord 4
90%
Les 10 états à la surface la plus petite Hawaï 4
90%
Les 10 états les plus peuplés Caroline du Nord 9
88%
Les 10 états à la surface la plus grande Colorado 8
88%
Les 10 états les moins peuplés Dakota du Sud 6
88%
Les 10 états à la population la moins dense Dakota du Sud 5
88%
Les 10 états les plus peuplés Ohio 7
88%
Les 10 états à la population la plus dense Ohio 10
88%
Les 10 états les moins peuplés Maine 2
86%
Les 10 états à la population la moins dense Nouveau Mexique 6
86%
Les 10 états à la surface la plus grande Nouveau-Mexique 5
86%
Les 10 états les moins peuplés Rhode Island 4
86%
Les 10 états à la population la plus dense Rhode Island 2
86%
Les 10 états à la surface la plus petite Rhode Island 1
86%
Les 10 états les plus peuplés Géorgie 8
83%
Les 10 états les moins peuplés Montana 3
83%
Les 10 états à la population la moins dense Montana 3
83%
Les 10 états à la surface la plus grande Montana 4
83%
Les 10 états à la population la moins dense Nevada 9
83%
Les 10 états à la surface la plus grande Nevada 7
83%
Les 10 états les moins peuplés Vermont 9
83%
Les 10 états à la surface la plus petite Vermont 8
83%
Les 10 états les plus peuplés Illinois 6
81%
Les 10 états à la population la plus dense Massachusetts 3
79%
Les 10 états à la surface la plus petite Massachusetts 6
79%
Les 10 états à la surface la plus grande Oregon 10
79%
Les 10 états à la population la moins dense Kansas 10
76%
Les 10 états à la population la plus dense New Jersey 1
76%
Les 10 états à la surface la plus petite New Jersey 5
76%
Les 10 états les plus peuplés Pennsylvanie 5
76%
Les 10 états à la population la plus dense Pennsylvanie 9
76%
Les 10 états les moins peuplés Wyoming 10
76%
Les 10 états à la population la moins dense Wyoming 2
76%
Les 10 états à la surface la plus grande Wyoming 9
76%
Les 10 états à la surface la plus grande Arizona 6
74%
Les 10 états les plus peuplés Michigan 10
74%
Les 10 états les moins peuplés New Hampshire 1
74%
Les 10 états à la surface la plus petite New Hampshire 7
74%
Les 10 états à la surface la plus petite Virginie occidentale 10
74%
Les 10 états à la population la plus dense Connecticut 4
71%
Les 10 états à la surface la plus petite Connecticut 3
71%
Les 10 états à la population la moins dense Nebraska 8
71%
Les 10 états à la population la moins dense Idaho 7
69%
Les 10 états les moins peuplés Delaware 5
67%
Les 10 états à la population la plus dense Delaware 6
67%
Les 10 états à la surface la plus petite Delaware 2
67%
Les 10 états à la population la plus dense Maryland 5
64%
Les 10 états à la surface la plus petite Maryland 9
64%
Aucun quiz correspondant
Distribution des résultats
% des personnes avec chaque résultat
Percentile par nombre de réponses
Votre historique - résultats
Vous n’avez pas pris ce quiz